00641nam a2200181 i 4500001000700000003000900007005001700016007000300033008004100036100002600077245008800103260003500191300003400226700003600260852002200296999001900318952012200337109676ES-MaACL20230906184903.0t|061121s1963 sp af r ||||1| spa d1 aOmar Khayyam.915699310aRobaiyat / cOmar Kheyyam ; traducción e introducción de Enrique López Amaya. a[Barcelona] : bZeus, c[1963] a204 p., 46 lám. ; c19 cm.1 aLópez Amaya , Enrique.973399 aES-MaACLjC-24572 c109676d109676 00104070aATENEOMbATENEOMcDEPO2d2008-01-17eSCl0oC-24572p1114434r2023-02-23 00:00:00w2023-02-23yMONOGRAFIA